header

Biophysical chemistry (Record no. 67515)

MARC details
000 -LEADER
fixed length control field 02372nam a22003614a 4500
082 04 - DEWEY DECIMAL CLASSIFICATION NUMBER
Classification number 572/.43
100 1# - MAIN ENTRY--AUTHOR NAME
Personal name Allen, James P.
245 10 - TITLE STATEMENT
Title Biophysical chemistry
260 ## - PUBLICATION, DISTRIBUTION, ETC. (IMPRINT)
Place of publication Oxford ;
-- Hoboken, NJ :
Name of publisher Wiley-Blackwell Pub.,
Year of publication 2008.
300 ## - PHYSICAL DESCRIPTION
Number of Pages xvi, 492 p. :
Other physical details col. ill.
505 0# - FORMATTED CONTENTS NOTE
Formatted contents note Basic thermodynamic and biochemical concepts -- Pt. 1. Thermodynamics and kinetics. First law of thermodynamics ; Second law of thermodynamics ; Phase diagrams, mixtures, and chemical potential ; Equilibria and reactions involving protons ; Oxidation/reduction reactions and bioenergetics ; Kinetics and enzymes ; The Boltzmann distribution and statistical thermodynamics -- Pt. 2. Quantum mechanics and spectroscopy. Quantum theory: introduction and principles ; Particle in a box and tunneling ; Vibrational motion and infrared spectroscopy ; Atomic structure: hydrogen atom and multi-electron atoms ; Chemical bonds and protein interactions ; Electronic transitions and optical spectroscopy ; X-ray diffraction and extended x-ray absorption fine structure ; Magnetic resonance -- Pt. 3. Understanding biological systems using physical chemistry. Signal transduction ; Membrane potentials, transporters, and channels ; Molecular imaging ; Photosynthesis -- Answers to problems -- Fundamental constants -- Conversion factors for energy units -- The periodic table.
650 #0 - SUBJECT ADDED ENTRY--TOPICAL TERM
Topical Term Physical biochemistry.
856 40 - ELECTRONIC LOCATION AND ACCESS
Uniform Resource Identifier http://site.ebrary.com/lib/rucke/Doc?id=10301493

No items available.

© 2026 Rongo University
Contact us: librarian | system librarian | Rongo university